Welcome to the Holygrace Academy Library

Please use search bar below to get started

SUPERVISION IN ELEMENTARY SCHOOLS (Record no. 5418)

MARC details
000 -LEADER
fixed length control field 00466nam a22001457a 4500
020 ## - INTERNATIONAL STANDARD BOOK NUMBER
ISBN 81-261-1707-9
082 ## - DEWEY DECIMAL CLASSIFICATION NUMBER
Classification number 371.2
Item number VAS/S
100 ## - MAIN ENTRY--AUTHOR NAME
Personal name VASHIST, S R
245 ## - TITLE STATEMENT
Title SUPERVISION IN ELEMENTARY SCHOOLS
260 ## - PUBLICATION, DISTRIBUTION, ETC. (IMPRINT)
Place of publication DELHI
Name of publisher ANMOL PUBLICATIONS
Year of publication 2004
300 ## - PHYSICAL DESCRIPTION
Number of Pages 375
520 ## - SUMMARY, ETC.
Summary, etc history of school supervision, overview of instructional supervisory approaches, teachers' perception of the supervision processes,
650 ## - SUBJECT ADDED ENTRY--TOPICAL TERM
Topical Term SCHOOL EDUCATION
Geographic subdivision INDIA
942 ## - ADDED ENTRY ELEMENTS (KOHA)
Koha item type Books
Holdings
Withdrawn status Lost status Collection code Home library Current library Shelving location Date acquired Source of acquisition Cost, normal purchase price Full call number Accession Number Koha item type
    Reference Main Library Main Library   02/10/2006 purchase 200.00 371.2 VAS/S 02088 Books